000 00393nam a2200145Ia 4500
008 240624s9999 xx 000 0 und d
041 _aeng
082 _a658.406 FRE
100 _aFRENCH WENDELL L
245 _aORGANIZATION DEVELOPMENT BEHAVIORAL SCIENCE INTERVENTIONS
250 _a(6th ed.)
260 _c2004
_aNew Delhi
_bPrentice-Hall
300 _axv, : 342 : p. : cm. ; 26
365 _cRS
999 _c211
_d211